01478nam a2200349Ia 4500001001200000003000800012006001900020007001500039008004100054010001700095020001800112020001800130040002100148035002100169050002600190082002800216100003300244245013500277260005500412300003100467504005100498533015200549600002900701650008100730650005500811651003900866651003400905655002900939710001700968856012600985999001701111ebr10408247CaPaEBRm u cr cn|||||||||091124s2010 aluac sb 001 0beng d z 2009049901 z9780817355562 z9780817382667 aCaPaEBRcCaPaEBR a(OCoLC)68061984714aF334.B69bN434 2010eb04a323.1196/07307617812221 aDorsey, Mignette Y. Patrick.10aSpeak truth to powerh[electronic resource] :bthe story of Charles Patrick, a civil rights pioneer /cMignette Y. Patrick Dorsey. aTuscaloosa :bUniversity of Alabama Press,cc2010. axv, 130 p. :bill., ports. aIncludes bibliographical references and index. aElectronic reproduction.bPalo Alto, Calif. :cebrary,d2010.nAvailable via World Wide Web.nAccess may be limited to ebrary affiliated libraries.10aPatrick, Charles,d1918- 0aAfrican AmericansxCivil rightszAlabamazBirminghamxHistoryy20th century. 0aAfrican AmericanszAlabamazBirminghamvBiography. 0aBirmingham (Ala.)xRace relations. 0aBirmingham (Ala.)vBiography. 7aElectronic books.2local2 aebrary, Inc.40uhttp://site.ebrary.com/lib/rucke/Doc?id=10408247zAn electronic book accessible through the World Wide Web; click to view c79777d79777